| 000 | 00555nam a22001577a 4500 | ||
|---|---|---|---|
| 003 | OSt | ||
| 008 | 180904b ||||| |||| 00| 0 eng d | ||
| 082 |
_a631.1 _bVEN/DE |
||
| 100 |
_aVenkata Reddy, H.K _93302 |
||
| 245 | _aDesign analysis of KAU pokkali paddy harvester towards the development of its scale down prototype | ||
| 260 |
_aThavanur _bDepartment of farm machinery and power engineering _c2018 |
||
| 300 |
_a153 _eCD |
||
| 700 | _aJayan, P.R (Guide) | ||
| 856 | _uhttps://drive.google.com/open?id=1_h8RMOsMzkEvw1yQzg6SLSXVJx84qA90 | ||
| 942 | _cTH | ||
| 999 |
_c15523 _d15523 |
||